000 00412pab a2200157 454500
008 180718b2007 xxu||||| |||| 00| 0 eng d
100 _aKrishna Iyer, V.R.
245 _aNever the rose but has a thorn: the little man's ballot is burked if election law not reformed
260 _c2007
300 _ap.5-6.
362 _a4 Aug
650 _aElections
773 _aMainstream
908 _aN
909 _a74862
999 _c74862
_d74862